000 00255nam a22001097a 4500
008 170118b xxu||||| |||| 00| 0 eng d
020 _a9780805359510
041 _aeng
080 _24TH
_a618.2
245 _aINSTRUCTOR'S MANUAL
_cBLAIS, K.K
942 _2udc
_cBK
999 _c3091
_d3091